Marcatori dell'Inghilterra ai Mondiali - Germania 2006 - Statistics

Statistiche generali
  • Questo quiz è stato fatto 6 volte
  • Il punteggio medio è 4 su 5
Statistiche sulle risposte
Partita Minuto Marcatore % Corretto
Svezia - Inghilterra 2-2 34 Joe Cole
100%
Inghilterra - Trinidad e Tobago 2-0 91 Steven Gerrard
100%
Svezia - Inghilterra 2-2 85 Steven Gerrard
100%
Inghilterra - Ecuador 1-0 60 David Beckham
80%
Inghilterra - Trinidad e Tobago 2-0 89 Peter Crouch
40%
Nessun quiz corrispondente trovato
Distribuzione punteggi
Percentuale di utenti per punteggio
Percentile per numero di risposta
I tuoi punteggi nel tempo
Non hai fatto questo quiz